000 00623nam a22002057a 4500
999 _c14013
_d14013
003 AR-CdUCM
008 190417b ||||| |||| 00| 0 spa d
040 _aMUNICIPALIDAD PROVINCIAL DEL CUSCO
_cBIBLIOTECA MUNICIPAL DEL CUSCO
082 _a869.56 /
_bH41
100 _aHeredia Meiggs, Aristides
_924440
245 _aDiptico de Ausencias /
260 _aLima :
_bGraf. Ausonia,
_c1951.
300 _a45 paginas ;
_bilustraciones,
_c22 cm.
500 _aPoesias
650 _aPoesias
_92556
650 _aLiteratura
_983
700 _aAltamirano Velazco, Noel
_932675
942 _2ddc
_cLIBROS
945 _apjha
_d2019-04-17